Ciencias Sociales y medicina. La Salud en Latinoamérica /
Wedi'i Gadw mewn:
| Prif Awdur: | |
|---|---|
| Awdur Corfforaethol: | |
| Awduron Eraill: | , , , |
| Fformat: | Anhysbys |
| Cyhoeddwyd: |
Buenos Aires:
UBA. FCS. II,
|
| Tagiau: |
Ychwanegu Tag
Dim Tagiau, Byddwch y cyntaf i dagio'r cofnod hwn!
|
MARC
| LEADER | 00000 a2200000 04500 | ||
|---|---|---|---|
| 001 | 25850 | ||
| 003 | |||
| 008 | 991231s d | ||
| 040 | |||
| 020 | |a 950-29-0167-3 | ||
| 090 | |a 173513 | ||
| 100 | |a Kornblit, Ana Lía | ||
| 110 | |a Universidad de Buenos Aires. Facultad de Ciencias Sociales. Instituto de Investigaciones | ||
| 245 | |a Ciencias Sociales y medicina. La Salud en Latinoamérica / |c Ana Lia Kornblit | ||
| 260 | |a Buenos Aires: |b UBA. FCS. II, | ||
| 300 | |a 254 p | ||
| 700 | |a comp. | ||
| 700 | |a Benencia, Roberto | ||
| 700 | |a colab. | ||
| 700 | |a Findling, Liliana | ||
| 700 | |a colab | ||
| 999 | |c 11317 |d 11317 | ||



